[Event "Karlstad op"]
[Site "Karlstad"]
[Date "2024.12.29"]
[Round "7"]
[White "Silseth, Simon"]
[Black "Malmsten, Hans"]
[Result "1-0"]
[WhiteElo "2207"]
[BlackElo "2026"]
[PlyCount "115"]
[EventDate "2024.12.27"]
[EventType "swiss"]
[EventRounds "8"]
[EventCountry "SWE"]
[SourceTitle "CB01_2025"]
[SourceDate "2025.01.01"]
[SourceVersion "1"]
[SourceVersionDate "2025.01.01"]
[SourceQuality "1"]

1. c4 c5 2. Nc3 g6 3. Nf3 Bg7 4. g3 e5 5. Bg2 Ne7 6. e4 Nbc6 7. d3 d6 8. Nd5 0-0 9. h3 Be6 10. 0-0 Rb8 11. a4 h6 12. Kh2 f5 13. Nxe7+ Nxe7 14. exf5 gxf5 15. Re1 Ng6 16. Bd2 d5 17. cxd5 Bxd5 18. Bc3 Qd6 19. h4 f4 20. h5 fxg3+ 21. fxg3 Bxf3 22. Bxf3 Nh4 23. Rf1 Nxf3+ 24. Rxf3 Rxf3 25. Qxf3 Rd8 26. Qg4 Qd7 27. Qc4+ Qd5 28. Re1 b6 29. Qxd5+ Rxd5 30. Re3 e4 31. dxe4 Rxh5+ 32. Kg2 Bxc3 33. bxc3 Kf7 34. c4 Re5 35. Kf3 Rh5 36. a5 Rh1 37. axb6 axb6 38. Rb3 Rc1 39. Rxb6 Kg7 40. Kf4 Rxc4 41. Kf5 Rc3 42. Rb7+ Kf8 43. g4 Rf3+ 44. Ke5 c4 45. Rc7 c3 46. Kd4 Rg3 47. Rxc3 Rxg4 48. Ke5 Rg6 49. Kf5 Ra6 50. e5 Ra1 51. Rc7 Rf1+ 52. Kg6 Re1 53. Rh7 Ke8 54. Kf6 Rh1 55. Rh8+ Kd7 56. e6+ Kd6 57. Rd8+ Kc7 58. e7 1-0